Manantial de la Aleta y la Arqueologia en el parque Nacional del este / (Registro nro. 24217)
[ vista simple ]
| 000 -LEADER | |
|---|---|
| fixed length control field | 00986nam a22002177a 4500 |
| 003 - CONTROL NUMBER IDENTIFIER | |
| control field | DO-CoUTE |
| 005 - DATE AND TIME OF LATEST TRANSACTION | |
| control field | 20260521140217.0 |
| 008 - FIXED-LENGTH DATA ELEMENTS--GENERAL INFORMATION | |
| fixed length control field | 260521b dr ||||| |||| 00| 0 spa d |
| 040 ## - CATALOGING SOURCE | |
| Original cataloging agency | DO-CoUTE |
| Language of cataloging | spa |
| Transcribing agency | DO-CoUTE |
| 082 ## - DEWEY DECIMAL CLASSIFICATION NUMBER | |
| Classification number | RD972.93o77m |
| 100 1# - MAIN ENTRY--PERSONAL NAME | |
| Personal name | Ortega, J. Elpidio |
| Relator term | Autor |
| 245 10 - TITLE STATEMENT | |
| Title | Manantial de la Aleta y la Arqueologia en el parque Nacional del este / |
| Statement of responsibility, etc. | Elpidio J. Ortega y Gabriel Atiles |
| 260 ## - PUBLICATION, DISTRIBUTION, ETC. | |
| Place of publication, distribution, etc. | Santo Domingo, República Dominicana : |
| Name of publisher, distributor, etc. | Academia de Ciencias de la República Dominicana, |
| Date of publication, distribution, etc. | 2003 |
| 300 ## - PHYSICAL DESCRIPTION | |
| Extent | 155 Paginas : |
| Other physical details | Fotografías ; |
| Dimensions | 18cm, |
| 504 ## - BIBLIOGRAPHY, ETC. NOTE | |
| Bibliography, etc. note | Incluye referencia bibliográfica e índice. |
| 505 ## - FORMATTED CONTENTS NOTE | |
| Formatted contents note | Excavations (Archaeology) -- Dominican Republic<br/>Dominican Republic -- Antiquities<br/>Aleta, Manantial de la (Dominican Republic) -- Antiquities<br/>Parque Nacional del Este (Dominican Republic) -- Antiquities |
| 650 #4 - SUBJECT ADDED ENTRY--TOPICAL TERM | |
| Topical term or geographic name entry element | Publicaciones |
| 700 1# - ADDED ENTRY--PERSONAL NAME | |
| Personal name | Elpidio J. Ortega |
| Relator term | Autor |
| 700 1# - ADDED ENTRY--PERSONAL NAME | |
| Personal name | Gabriel Atiles |
| Relator term | Autor |
| 942 ## - ADDED ENTRY ELEMENTS (KOHA) | |
| Source of classification or shelving scheme | Dewey Decimal Classification |
| Koha item type | Libros |
| Withdrawn status | Lost status | Source of classification or shelving scheme | Damaged status | Not for loan | Collection code | Home library | Current library | Shelving location | Date acquired | Inventory number | Total Checkouts | Full call number | Barcode | Date last seen | Copy number | Price effective from | Koha item type |
|---|---|---|---|---|---|---|---|---|---|---|---|---|---|---|---|---|---|
| Dewey Decimal Classification | Colección Dominicana | Biblioteca UTECO | Biblioteca UTECO | En Estantería | 05/21/2026 | 023204 | RD972.93o77m | 023204 | 05/21/2026 | Ej.1 | 05/21/2026 | Libros |
